000 00540nam a2200217Ia 4500
008 161112s9999 xx 000 0 und d
020 _a971-93446-3-6
050 _aREF ND 2064.S26
050 _b.S26 2008
100 _aSantos, Roland
245 0 _aNostalgia /
245 0 _cRoland Santos
260 _a[s. l. ]
260 _bJamayco Publishing House
260 _c2008
300 _a175 pages :
300 _bcolor illustrations. ;
300 _c29 cm.
650 _aWatercolor painting.
650 _xPainting, Philippines.
999 _c305245
_d305245